000
00283nam a22001337a 4500
008
170529b xxu||||| |||| 00| 0 eng d
020
_a
0897121465
041
_a
eng
080
_a
94(7/8)
100
_a
16
101
_a
SHH
245
_a
EL SALVADOR
_c
SCHMIDT,S.W
942
_2
udc
_c
BK
999
_c
14962
_d
14962